| 000 | 01045cam a22001934a 4500 | ||
|---|---|---|---|
| 005 | 20250605163939.0 | ||
| 008 | 250528s ||||||||||||||||||||||||d | ||
| 035 | _a14973 | ||
| 020 | _a139396462 | ||
| 040 |
_aGR-AtMCL _bgre _dGR-AtMCL _eAACR2 |
||
| 245 | 1 | _aΕισαγωγή στη Χρήση των Υπολογιστών | |
| 260 |
_bΓκιούρδας Μόσχος, _c1990 |
||
| 300 | _a684 | ||
| 520 | _aΕισαγωγή στην Χρήση των Υπολογιστών, Κατανόηση του Υλικού και του Λογισμικού, Χρησιμοποιώντας το Λογισμικό της Προσωπικής Παραγωγικότητας, Χρησιμοποιώντας το Λογισμικό των Βάσεων Δεδομένων, Αναπτύσσοντας και Χρησιμοποιώντας Συστήματα Υπολογιστών, Προηγμένα Συστήματα, Ειδικά Θέματα, Ευρετήριο. | ||
| 700 | 1 |
_aDologite D. G _9792 |
|
| 942 | _cBK | ||
| 999 |
_c582 _d582 |
||